000 00471cam a22001337a 4500
008 180718b1970 xxu||||| |||| 00| 0 eng d
082 _aB19x54 P192
100 _aPanchanadikar ,K.C.&Panchanadikar J.
245 _aDeterminates of social struchure and social change in India and other papers
_cby K.C. Panchanadikar & J.Panchanadikar
260 _aBombay
_bPopular Publication
_c1970
300 _axv,237p.
500 _ars.30.
650 _aIndia --Social conditions --1947
999 _c419446
_d419446